[Event "GRE-chT 45th"]
[Site "Achaia"]
[Date "2017.07.04"]
[Round "3.6"]
[White "Markidis, Konstantinos"]
[Black "Litsas, Ioannis"]
[Result "1-0"]
[WhiteElo "2370"]
[BlackElo "2105"]
[PlyCount "63"]
[EventDate "2017.07.03"]
[EventType "team-swiss"]
[EventRounds "7"]
[EventCountry "GRE"]
[SourceTitle "CBM 179 Extra"]
[Source "ChessBase"]
[SourceDate "2017.08.23"]
[SourceVersion "1"]
[SourceVersionDate "2017.08.23"]
[SourceQuality "1"]
[WhiteTeam "Alexandroupolis Ethnikos"]
[BlackTeam "Peiraikos PG"]
[WhiteTeamCountry "GRE"]
[BlackTeamCountry "GRE"]

1. Nf3 Nf6 2. c4 e6 3. g3 d5 4. Bg2 c6 5. Qc2 Nbd7 6. 0-0 Be7 7. b3 b5 8. d3 bxc4 9. bxc4 0-0 10. Bb2 c5 11. cxd5 exd5 12. Nbd2 Rb8 13. Rab1 Rb6 14. Rfe1 Ba6 15. e4 d4 16. Nc4 Rb4 17. Nfd2 Rb8 18. e5 Ne8 19. e6 fxe6 20. Rxe6 Nc7 21. Re2 Nf6 22. Ne5 Rb6 23. Ndc4 Nfd5 24. Nxb6 axb6 25. Rbe1 Bf6 26. a3 Qd6 27. Nc4 Qd7 28. Qb3 Rb8 29. Ne5 Qd6 30. Ng4 Rf8 31. Bc1 Bb7 32. Bf4 1-0

[Event "GRE-chT 43rd"]
[Site "Porto Rio"]
[Date "2015.10.10"]
[Round "5.7"]
[White "Kesidis, Odyseas"]
[Black "Litsas, Ioannis"]
[Result "1-0"]
[WhiteElo "2147"]
[BlackElo "2114"]
[PlyCount "43"]
[EventDate "2015.10.08"]
[EventType "team-swiss"]
[EventRounds "7"]
[EventCountry "GRE"]
[SourceTitle "CBM 168 Extra"]
[Source "ChessBase"]
[SourceDate "2015.10.29"]
[SourceVersion "1"]
[SourceVersionDate "2015.10.29"]
[SourceQuality "1"]
[WhiteTeam "Florinas OP"]
[BlackTeam "Piraikos"]
[WhiteTeamCountry "GRE"]
[BlackTeamCountry "GRE"]

1. e4 e5 2. Nf3 Nc6 3. Bb5 Nf6 4. d3 Bc5 5. c3 0-0 6. h3 d5 7. Qe2 dxe4 8. dxe4 Qe7 9. Bg5 a6 10. Ba4 Nd8 11. Nh4 Ne6 12. Nf5 Qd8 13. Bxf6 Qxf6 14. g3 Ng5 15. Nd2 Bxf5 16. exf5 e4 17. 0-0-0 b5 18. h4 Nh3 19. Nxe4 Qxf5 20. Bc2 Rfe8 21. Qd3 g6 22. Nxc5 1-0

[Event "GRE-chT 42nd"]
[Site "Porto Rio"]
[Date "2014.06.28"]
[Round "1.2"]
[White "Litsas, Ioannis"]
[Black "Papaioannou, Ioannis"]
[Result "0-1"]
[WhiteElo "2123"]
[BlackElo "2642"]
[PlyCount "52"]
[EventDate "2014.06.28"]
[EventType "team-swiss"]
[EventRounds "7"]
[EventCountry "GRE"]
[SourceTitle "CBM 161 Extra"]
[Source "ChessBase"]
[SourceDate "2014.08.29"]
[SourceVersion "1"]
[SourceVersionDate "2014.08.29"]
[SourceQuality "1"]
[WhiteTeam "Peiraikos PG"]
[BlackTeam "Peristeriou CP"]
[WhiteTeamCountry "GRE"]
[BlackTeamCountry "GRE"]

1. Nf3 Nf6 2. d4 e6 3. g3 b5 4. Bg2 Bb7 5. 0-0 c5 6. c3 Na6 7. Bg5 Be7 8. Nbd2 0-0 9. Qb1 Rb8 10. e4 h6 11. Bxf6 Bxf6 12. e5 Be7 13. Ne1 cxd4 14. cxd4 d6 15. Bxb7 Rxb7 16. Qe4 Rd7 17. exd6 Rxd6 18. Nb3 Bf6 19. Nf3 Qb6 20. Rac1 Rfd8 21. Rc3 Nb4 22. Ne5 Rd5 23. a3 Bxe5 24. dxe5 Nc6 25. Rfc1 Nxe5 26. Rc8 Nc4 0-1

[Event "Nikaia op 18th"]
[Site "Nikaia"]
[Date "2010.08.21"]
[Round "2"]
[White "Koumpenas, Mihail"]
[Black "Litsas, Ioannis"]
[Result "0-1"]
[WhiteElo "1980"]
[BlackElo "2168"]
[PlyCount "56"]
[EventDate "2010.08.20"]
[EventType "swiss"]
[EventRounds "9"]
[EventCountry "GRE"]
[SourceTitle "CBM 138 Extra"]
[Source "ChessBase"]
[SourceDate "2010.10.29"]
[SourceVersion "1"]
[SourceVersionDate "2010.10.29"]
[SourceQuality "1"]

1. d4 d5 2. Nf3 Nf6 3. c4 c6 4. Nc3 dxc4 5. a4 Bf5 6. Ne5 Nbd7 7. Nxc4 Qc7 8. f3 e5 9. e4 exd4 10. Ne2 Bb4+ 11. Bd2 Bxd2+ 12. Qxd2 Be6 13. Nxd4 Bxc4 14. Bxc4 Ne5 15. Qc3 0-0 16. 0-0 Rad8 17. Rfd1 Nh5 18. Bf1 Nf4 19. g3 Ne6 20. Nf5 g6 21. Nh6+ Kg7 22. Ng4 f6 23. Nxe5 fxe5 24. f4 Nd4 25. Qc5 Nb3 26. Qxe5+ Qxe5 27. fxe5 Nxa1 28. Rxa1 Rfe8 0-1

[Event "Foivitika op"]
[Site "Foivitika"]
[Date "2009.11.07"]
[Round "3"]
[White "Litsas, Ioannis"]
[Black "Korlotsidis, Spiridon"]
[Result "1-0"]
[WhiteElo "2175"]
[BlackElo "1965"]
[PlyCount "63"]
[EventDate "2009.11.21"]
[EventType "swiss"]
[EventRounds "7"]
[EventCountry "GRE"]
[SourceTitle "EXT 2024"]
[Source "ChessBase"]
[SourceDate "2023.10.10"]
[SourceVersion "1"]
[SourceVersionDate "2023.10.10"]
[SourceQuality "1"]

1. e4 c5 2. Nf3 d6 3. d4 cxd4 4. Nxd4 Nf6 5. Nc3 g6 6. Be3 Bg7 7. f3 0-0 8. Bc4 Nc6 9. Qd2 Bd7 10. 0-0-0 Rc8 11. Bb3 Ne5 12. h4 h5 13. Bg5 Rc5 14. Kb1 Re8 15. g4 hxg4 16. h5 Nxh5 17. Rxh5 gxh5 18. Qh2 Qa5 19. Qxh5 Nc4 20. Nd5 e6 21. Bh6 Rxd5 22. Qxg4 Rg5 23. Bxg5 Ne5 24. Qg3 Qc5 25. Be3 Ng6 26. f4 Qh5 27. Rg1 Bxd4 28. Bxd4 Kf8 29. f5 Ne5 30. f6 Qh7 31. Bxe5 dxe5 32. Qxe5 1-0

[Event "Peiraias op"]
[Site "Peiraias"]
[Date "2007.09.??"]
[Round "?"]
[White "Litsas, Ioannis"]
[Black "Spirou, Marina"]
[Result "1-0"]
[WhiteElo "2157"]
[BlackElo "1743"]
[PlyCount "65"]
[EventDate "2007.09.01"]
[EventType "swiss"]
[EventRounds "7"]
[EventCountry "GRE"]
[SourceTitle "CBM 120 Extra"]
[Source "ChessBase"]
[SourceDate "2007.11.01"]
[SourceVersion "1"]
[SourceVersionDate "2007.11.01"]
[SourceQuality "1"]

1. e4 c5 2. Nf3 d6 3. d4 cxd4 4. Nxd4 Nf6 5. Nc3 a6 6. Bg5 e6 7. f4 Be7 8. Qf3 Qc7 9. 0-0-0 Nbd7 10. g4 b5 11. Bxf6 Nxf6 12. g5 Nd7 13. f5 Nc5 14. f6 gxf6 15. gxf6 Bf8 16. Rg1 h5 17. Rg7 b4 18. Nd5 exd5 19. exd5 Nd7 20. Nc6 Bb7 21. Bh3 Bxc6 22. dxc6 Ne5 23. Re1 Kd8 24. Rxe5 dxe5 25. Qd5+ Ke8 26. Bd7+ Kd8 27. Be6+ Bd6 28. Rxf7 Qxf7 29. Qxd6+ Ke8 30. Bd7+ Qxd7 31. Qxd7+ Kf8 32. Qe7+ Kg8 33. Qg7# 1-0

[Event "Ambelokipi 2nd"]
[Site "Athens"]
[Date "2007.04.27"]
[Round "7"]
[White "Delithanasis, Dimitrios"]
[Black "Litsas, Ioannis"]
[Result "1-0"]
[WhiteElo "2239"]
[BlackElo "2162"]
[PlyCount "85"]
[EventDate "2007.03.15"]
[EventType "tourn"]
[EventRounds "9"]
[EventCountry "GRE"]
[SourceTitle "EXT 2008"]
[Source "ChessBase"]
[SourceDate "2007.11.25"]
[SourceVersion "1"]
[SourceVersionDate "2007.11.25"]
[SourceQuality "1"]

1. d4 Nf6 2. Nf3 c5 3. dxc5 e6 4. a3 Bxc5 5. b4 Be7 6. Bb2 d5 7. e3 0-0 8. Nbd2 Nbd7 9. c4 b6 10. cxd5 exd5 11. Be2 Bb7 12. 0-0 Ne4 13. Nb3 Bf6 14. Nbd4 Ne5 15. Rc1 Nxf3+ 16. Bxf3 Rc8 17. Qe2 Nd6 18. Rxc8 Qxc8 19. Rc1 Nc4 20. b5 Qa8 21. Bc3 Rc8 22. Bg4 Rc7 23. Bb4 Qd8 24. Rd1 Bxd4 25. exd4 Bc8 26. Re1 Nd6 27. Qe5 Ne4 28. Bf3 Be6 29. Bxe4 dxe4 30. Rxe4 Rc1+ 31. Be1 h6 32. f4 Qc8 33. h3 Rc2 34. Re3 Qc7 35. d5 Qxe5 36. Rxe5 Bd7 37. a4 Rc4 38. Re7 Bf5 39. Rxa7 Bc2 40. d6 Rd4 41. d7 Be4 42. Rc7 Kh7 43. Rc4 1-0

[Event "Ambelokipi 2nd"]
[Site "Athens"]
[Date "2007.03.29"]
[Round "9"]
[White "Koerant, Filipos"]
[Black "Litsas, Ioannis"]
[Result "1/2-1/2"]
[WhiteElo "2107"]
[BlackElo "2162"]
[PlyCount "97"]
[EventDate "2007.03.15"]
[EventType "tourn"]
[EventRounds "9"]
[EventCountry "GRE"]
[SourceTitle "EXT 2008"]
[Source "ChessBase"]
[SourceDate "2007.11.25"]
[SourceVersion "1"]
[SourceVersionDate "2007.11.25"]
[SourceQuality "1"]

1. d4 Nf6 2. Nf3 d5 3. c4 dxc4 4. e3 Bg4 5. Bxc4 e6 6. Nc3 a6 7. 0-0 Nbd7 8. h3 Bh5 9. Qe2 Bd6 10. e4 e5 11. Bg5 c6 12. Rfd1 Qc7 13. d5 c5 14. a4 h6 15. Bd2 0-0 16. Qe3 Rab8 17. g4 Bg6 18. Nh4 Ne8 19. Nf5 Nb6 20. b3 Be7 21. Qg3 Bf6 22. d6 Nxd6 23. Nxd6 Qxd6 24. Bxh6 Qe7 25. Be3 Bh4 26. Qf3 a5 27. Rd2 Rfd8 28. Rad1 Rxd2 29. Rxd2 Bg5 30. Nb5 Rd8 31. Qd1 Rxd2 32. Qxd2 Bxe3 33. Qxe3 Nxc4 34. bxc4 Qd7 35. Kh2 b6 36. Qg5 Qd3 37. Qxe5 Qxe4 38. Qb8+ Kh7 39. Qg3 f6 40. Nd6 Qb1 41. Qf4 Qc2 42. h4 Qxa4 43. h5 Bb1 44. h6 Qa1 45. Nf7 Qd4 46. Qb8 Qxf2+ 47. Kh3 Qf3+ 48. Kh2 Qf2+ 49. Kh3 1/2-1/2

[Event "Ambelokipi 2nd"]
[Site "Athens"]
[Date "2007.03.14"]
[Round "4"]
[White "Litsas, Ioannis"]
[Black "Lazaridis, Stavros"]
[Result "1-0"]
[WhiteElo "2162"]
[BlackElo "2214"]
[PlyCount "95"]
[EventDate "2007.03.15"]
[EventType "tourn"]
[EventRounds "9"]
[EventCountry "GRE"]
[SourceTitle "EXT 2008"]
[Source "ChessBase"]
[SourceDate "2007.11.25"]
[SourceVersion "1"]
[SourceVersionDate "2007.11.25"]
[SourceQuality "1"]

1. d4 c5 2. d5 g6 3. e4 Bg7 4. Nc3 d6 5. Nf3 Nf6 6. Bb5+ Nfd7 7. a4 0-0 8. 0-0 Na6 9. Re1 Nc7 10. Bf1 Nf6 11. h3 b6 12. Bf4 a6 13. Qd2 Rb8 14. Rad1 b5 15. axb5 axb5 16. b4 Nd7 17. Bh6 cxb4 18. Bxg7 Kxg7 19. Ne2 Nc5 20. Ned4 Bd7 21. Qxb4 f5 22. exf5 Nxd5 23. Qb2 Nf6 24. Ng5 gxf5 25. Nge6+ Bxe6 26. Rxe6 Kf7 27. Rxf6+ exf6 28. Nc6 Qd7 29. Nxb8 Rxb8 30. Qd4 Rd8 31. Bd3 Nxd3 32. Rxd3 d5 33. Ra3 Qe6 34. Re3 Qd7 35. Qh4 Rg8 36. Qxh7+ Rg7 37. Qh5+ Kf8 38. Rf3 Rg5 39. Qh8+ Kf7 40. Qh7+ Ke6 41. Re3+ Kd6 42. Qh8 Rg7 43. Qb8+ Kc5 44. Qf8+ Kc4 45. c3 Kb3 46. Qb4+ Kc2 47. c4 d4 48. Qb3+ 1-0

[Event "Peiraikos 60th Anniv op"]
[Site "Piraeus"]
[Date "2006.09.06"]
[Round "5"]
[White "Aggeli, Eleni"]
[Black "Litsas, Ioannis"]
[Result "1/2-1/2"]
[WhiteElo "1788"]
[BlackElo "2161"]
[PlyCount "51"]
[EventDate "2006.09.02"]
[EventType "swiss"]
[EventRounds "7"]
[EventCountry "GRE"]
[SourceTitle "EXT 2008"]
[Source "ChessBase"]
[SourceDate "2007.11.25"]
[SourceVersion "1"]
[SourceVersionDate "2007.11.25"]
[SourceQuality "1"]

1. e4 g6 2. d4 Bg7 3. Nf3 c6 4. c3 d5 5. e5 h5 6. Bd3 Bg4 7. Nbd2 Nh6 8. h3 Bf5 9. Bxf5 Nxf5 10. Nf1 e6 11. Ne3 Nd7 12. Qe2 Qb6 13. Nxf5 gxf5 14. Bf4 c5 15. 0-0 Nf8 16. Be3 c4 17. Qd2 Ng6 18. b3 Rc8 19. Rfb1 Qa6 20. bxc4 Rxc4 21. a4 Qc6 22. Rb3 0-0 23. Bh6 f4 24. Bxf4 Rc8 25. Raa3 Bf8 26. Bh6 1/2-1/2

[Event "Peiraikos 60th Anniv op"]
[Site "Piraeus"]
[Date "2006.09.05"]
[Round "4"]
[White "Litsas, Ioannis"]
[Black "Gogolis, Alexandros"]
[Result "0-1"]
[WhiteElo "2161"]
[BlackElo "2293"]
[PlyCount "56"]
[EventDate "2006.09.02"]
[EventType "swiss"]
[EventRounds "7"]
[EventCountry "GRE"]
[SourceTitle "EXT 2008"]
[Source "ChessBase"]
[SourceDate "2007.11.25"]
[SourceVersion "1"]
[SourceVersionDate "2007.11.25"]
[SourceQuality "1"]

1. e4 d5 2. exd5 Qxd5 3. Nc3 Qa5 4. Bc4 c6 5. d4 Bf5 6. Nf3 Nf6 7. Ne5 e6 8. g4 Bg6 9. h4 Nbd7 10. Nxd7 Nxd7 11. Qe2 Bb4 12. Bd2 h5 13. 0-0-0 0-0-0 14. a3 Bxc3 15. Bxc3 Qc7 16. g5 Nb6 17. Bxe6+ Kb8 18. Bb3 Rhe8 19. Qf1 Qf4+ 20. Kb1 Nd5 21. Bd2 Qf5 22. Ka1 Rd7 23. Qg2 Kc8 24. c4 Nf4 25. Bxf4 Qxf4 26. Qh3 Bf5 27. Qc3 Re2 28. d5 Qe5 0-1

[Event "Piraeus-ch"]
[Site "Piraeus"]
[Date "2005.12.03"]
[Round "7"]
[White "Dounis, Alexandros"]
[Black "Litsas, Ioannis"]
[Result "0-1"]
[WhiteElo "1955"]
[BlackElo "2141"]
[PlyCount "140"]
[EventDate "2005.11.14"]
[EventType "swiss"]
[EventRounds "9"]
[EventCountry "GRE"]
[SourceTitle "EXT 2007"]
[Source "ChessBase"]
[SourceDate "2006.11.23"]
[SourceVersion "1"]
[SourceVersionDate "2006.11.23"]
[SourceQuality "1"]

1. e4 c5 2. b4 cxb4 3. a3 e6 4. Bb2 Nc6 5. Nf3 Qb6 6. d4 Nf6 7. e5 Nd5 8. Be2 Nf4 9. axb4 Bxb4+ 10. c3 Be7 11. Bc1 Nxe2 12. Qxe2 d5 13. exd6 Bxd6 14. Nbd2 Be7 15. 0-0 Qd8 16. Ba3 Bxa3 17. Rxa3 0-0 18. Ne4 b6 19. Rb1 Na5 20. Neg5 h6 21. Qe4 hxg5 22. Qxa8 Qd6 23. Raa1 Bb7 24. Qxa7 Bxf3 25. Rxb6 Qf4 26. gxf3 Nc4 27. Rb4 Nd2 28. d5 Nxf3+ 29. Kg2 Nh4+ 30. Kf1 Qxh2 31. Ke2 Qe5+ 32. Qe3 Qxd5 33. Rd1 Qf5 34. Qe4 Qc5 35. Rc4 Qb5 36. Qd3 Ng6 37. Rd4 Nf4+ 38. Rxf4 Qxd3+ 39. Rxd3 gxf4 40. Kf3 g5 41. Kg4 f6 42. Kh5 Kg7 43. Rd7+ Rf7 44. Rd6 e5 45. c4 Rc7 46. c5 Rxc5 47. Rd7+ Kf8 48. Kg6 Ke8 49. Rh7 Rc6 50. Kf5 Rd6 51. Rg7 Rd7 52. Rg6 Ke7 53. f3 Rd3 54. Rxf6 Rxf3 55. Re6+ Kd7 56. Rxe5 Kd6 57. Re2 Rg3 58. Ke4 Ke6 59. Re1 Ra3 60. Re2 Ra4+ 61. Kf3+ Kf5 62. Rb2 Ra3+ 63. Ke2 Kg4 64. Kf2 Rh3 65. Kg2 Re3 66. Rf2 f3+ 67. Kf1 Re2 68. Rxe2 fxe2+ 69. Kxe2 Kg3 70. Kf1 Kh2 0-1

[Event "Nikaia op 13th"]
[Site "Nikaia"]
[Date "2005.08.27"]
[Round "6"]
[White "Palekha, Alexey"]
[Black "Litsas, Ioannis"]
[Result "1-0"]
[WhiteElo "2345"]
[BlackElo "2150"]
[PlyCount "49"]
[EventDate "2005.08.23"]
[EventType "swiss"]
[EventRounds "9"]
[EventCountry "GRE"]
[SourceTitle "CBM 108 Extra"]
[Source "ChessBase"]
[SourceDate "2005.11.04"]
[SourceVersion "1"]
[SourceVersionDate "2005.11.04"]
[SourceQuality "1"]

1. e4 d6 2. d4 g6 3. Nc3 Bg7 4. Be3 c6 5. Qd2 b5 6. h3 a6 7. g4 Bb7 8. Bg2 Nd7 9. Nce2 c5 10. Ng3 cxd4 11. Bxd4 Bxd4 12. Qxd4 f6 13. N1e2 Qb6 14. Qd2 Rd8 15. Nf4 Kf7 16. Nd5 Qc5 17. f4 e6 18. Ne3 Nb6 19. 0-0-0 Ne7 20. g5 Nc4 21. Nxc4 Qxc4 22. b3 Qc5 23. gxf6 Qa3+ 24. Kb1 e5 25. fxe5 1-0

[Event "Foivitika op"]
[Site "Foivitika"]
[Date "2005.??.??"]
[Round "5"]
[White "Koursaris, Nikolaos"]
[Black "Litsas, Ioannis"]
[Result "0-1"]
[WhiteElo "1820"]
[BlackElo "2145"]
[PlyCount "72"]
[EventDate "2005.??.??"]
[EventType "swiss"]
[EventRounds "7"]
[EventCountry "GRE"]
[SourceTitle "EXT 2007"]
[Source "ChessBase"]
[SourceDate "2006.11.23"]
[SourceVersion "1"]
[SourceVersionDate "2006.11.23"]
[SourceQuality "1"]

1. e4 c5 2. Nf3 Nc6 3. d4 cxd4 4. Nxd4 Qb6 5. Nb3 Nf6 6. Nc3 e6 7. Be3 Qc7 8. a3 a6 9. f4 d6 10. Be2 b5 11. 0-0 Be7 12. Bf3 Bb7 13. Qe1 0-0 14. Qf2 Rac8 15. Rac1 Qb8 16. Rfe1 Rfe8 17. g4 Bd8 18. g5 Nd7 19. h4 Na5 20. Rcd1 Nc4 21. Kg2 Nxb2 22. Rb1 Nc4 23. Bc1 Bb6 24. Qg3 Nxa3 25. Bxa3 Rxc3 26. Re2 Rec8 27. Rc1 d5 28. Bb2 dxe4 29. Rxe4 Rxc2+ 30. Rxc2 Rxc2+ 31. Kh3 Rxb2 32. Rb4 Bxf3 33. Qxf3 Rf2 34. Qe4 Nc5 35. Nxc5 Bxc5 36. Rb3 Qxf4 0-1

[Event "Nikaia op 12th"]
[Site "Nikaia"]
[Date "2004.??.??"]
[Round "8"]
[White "Kiriazis, Dimitrios"]
[Black "Litsas, Ioannis"]
[Result "0-1"]
[WhiteElo "1950"]
[BlackElo "2145"]
[PlyCount "38"]
[EventDate "2004.08.??"]
[EventType "swiss"]
[EventRounds "9"]
[EventCountry "GRE"]
[SourceTitle "EXT 2007"]
[Source "ChessBase"]
[SourceDate "2006.11.23"]
[SourceVersion "1"]
[SourceVersionDate "2006.11.23"]
[SourceQuality "1"]

1. e4 d6 2. d4 Nf6 3. Nc3 g6 4. f3 c6 5. Be3 b5 6. Qd2 a6 7. 0-0-0 Qa5 8. Kb1 Nbd7 9. Qf2 Rb8 10. g4 Nb6 11. Bd3 Bg7 12. h4 Be6 13. b3 Qxc3 14. Bd2 Nxg4 15. fxg4 Qxd4 16. Qxd4 Bxd4 17. Bh6 Bxg4 18. Rd2 Bf6 19. Rg2 Bh5 0-1

[Event "Nikaia op 12th"]
[Site "Nikaia"]
[Date "2004.??.??"]
[Round "5"]
[White "Litsas, Ioannis"]
[Black "Kesoglou, Konstantinos"]
[Result "1-0"]
[WhiteElo "2145"]
[BlackElo "1985"]
[PlyCount "71"]
[EventDate "2004.08.??"]
[EventType "swiss"]
[EventRounds "9"]
[EventCountry "GRE"]
[SourceTitle "EXT 2007"]
[Source "ChessBase"]
[SourceDate "2006.11.23"]
[SourceVersion "1"]
[SourceVersionDate "2006.11.23"]
[SourceQuality "1"]

1. d4 d5 2. c4 c6 3. Nc3 Nf6 4. Nf3 e6 5. e3 Nbd7 6. b3 Bb4 7. Bd2 a6 8. Bd3 0-0 9. 0-0 Re8 10. Qc2 Qc7 11. Nxd5 exd5 12. Bxb4 dxc4 13. bxc4 c5 14. Bc3 b5 15. Rac1 b4 16. Ba1 Bb7 17. d5 Nf8 18. Rfe1 Ng6 19. e4 Qf4 20. e5 Ng4 21. Bxg6 hxg6 22. h3 Nh6 23. e6 fxe6 24. Qxg6 Qf7 25. Rxe6 Rxe6 26. Qxf7+ Nxf7 27. dxe6 Nh6 28. Ng5 Re8 29. g4 Bc8 30. Re1 Kh8 31. Be5 Ng8 32. Bd6 Ne7 33. Bxc5 Nc6 34. e7 Na5 35. Nf7+ Kh7 36. Nd6 1-0

[Event "Pireus-ch"]
[Site "Athens"]
[Date "2001.12.15"]
[Round "7"]
[White "Gimnopoulos, Lazaros"]
[Black "Litsas, Ioannis"]
[Result "0-1"]
[WhiteElo "2157"]
[BlackElo "2112"]
[PlyCount "72"]
[EventDate "2001.11.29"]
[EventType "swiss"]
[EventRounds "7"]
[EventCountry "GRE"]
[SourceTitle "EXT 2003"]
[Source "ChessBase"]
[SourceDate "2002.11.25"]
[SourceVersion "1"]
[SourceVersionDate "2002.11.25"]
[SourceQuality "1"]

1. e4 c5 2. Nf3 d6 3. d4 cxd4 4. Nxd4 Nf6 5. Nc3 a6 6. Bg5 Nc6 7. Qd2 e6 8. 0-0-0 Bd7 9. f4 h6 10. Bh4 Nxe4 11. Qe1 Nf6 12. Nf5 Qa5 13. Nxd6+ Bxd6 14. Rxd6 0-0-0 15. Be2 Ne7 16. Bf3 Bc6 17. Rxd8+ Rxd8 18. Bxc6 Nxc6 19. Bxf6 gxf6 20. Qh4 Qf5 21. Rd1 Rxd1+ 22. Kxd1 Nd4 23. Qf2 e5 24. Nd5 Qe6 25. c4 Kb8 26. h3 Qf5 27. Qd2 Qb1+ 28. Qc1 Qd3+ 29. Qd2 Qf1+ 30. Qe1 Qxg2 31. Qd2 Qf1+ 32. Qe1 Qxc4 33. Qe4 Qxa2 34. fxe5 Qa1+ 35. Kd2 Qxb2+ 36. Kd3 Ne6 0-1

[Event "Pireus-ch"]
[Site "Athens"]
[Date "2001.11.24"]
[Round "1"]
[White "Litsas, Ioannis"]
[Black "Karagiannis, Athanasios"]
[Result "0-1"]
[WhiteElo "2112"]
[BlackElo "2371"]
[PlyCount "72"]
[EventDate "2001.11.29"]
[EventType "swiss"]
[EventRounds "7"]
[EventCountry "GRE"]
[SourceTitle "EXT 2003"]
[Source "ChessBase"]
[SourceDate "2002.11.25"]
[SourceVersion "1"]
[SourceVersionDate "2002.11.25"]
[SourceQuality "1"]

1. d4 c5 2. d5 e5 3. c4 Nf6 4. Nc3 d6 5. e4 Be7 6. h3 0-0 7. Nf3 Na6 8. Be2 Bd7 9. 0-0 Nc7 10. a3 Nfe8 11. b4 b6 12. Bd3 g6 13. Bc2 Ng7 14. Bh6 Nce8 15. bxc5 bxc5 16. Ba4 Nf6 17. Rb1 Qa5 18. Bxd7 Qxc3 19. Bc6 Rab8 20. Qe2 Rxb1 21. Rxb1 Qxa3 22. Rb7 Bd8 23. Ng5 Nfh5 24. g3 Qc1+ 25. Qf1 Qc2 26. Rxa7 Bxg5 27. Bxg5 Qxe4 28. g4 Nf4 29. Be7 Rb8 30. Bb5 Ne8 31. Ra2 Ne2+ 32. Kh2 Nd4 33. Qg2 Qf4+ 34. Qg3 Qxg3+ 35. Kxg3 Nxb5 36. cxb5 Rb7 0-1